000 00655nam a2200217 a 4500
999 _c2268
_d2268
001 2268
003 BD-JhCC
005 20171031173416.0
008 171031s1995 bg ||||| ||a| 00| 0 en d
035 _a(BD-JhCC)2268
040 _aBD-JhCC
_dBD-JhCC
041 _aben
082 _a891.4409
_bDAS 1964
100 _aদাশ, শ্রীশচন্দ্র
245 _aসাহিত্য- সন্দর্শন /
_cশ্রীশচন্দ্র দাশ,
260 _aঢাকা :
_bবর্ণ বিচিত্রা,
_c1995
300 _a206 p. :
_c20 cm.
650 _aBengali literature
942 _2ddc
_cBK